|
|
|
|
| LEADER |
00000nam0a2200000 4500 |
| 001 |
34198 |
| 005 |
20231030224409.0 |
| 035 |
|
|
|a (RuTPU)RU\TPU\book\34581
|
| 035 |
|
|
|a BOOK00001232
|
| 090 |
|
|
|a 34198
|
| 100 |
|
|
|a 20011210d1975 k y0rusy50 ca
|
| 101 |
0 |
|
|a rus
|
| 102 |
|
|
|a RU
|
| 105 |
|
|
|a y g 000zy
|
| 200 |
1 |
|
|a Расчет пневмоприводов
|e Справочное пособие
|f Е. В. Герц, Г. В. Крейнин
|
| 210 |
|
|
|a Москва
|c Машиностроение
|d 1975
|
| 215 |
|
|
|a 272 с.
|
| 225 |
1 |
|
|a Библиотека конструктора
|
| 610 |
1 |
|
|a машиностроение
|
| 610 |
1 |
|
|a пневмоприводы
|
| 610 |
1 |
|
|a динамические расчеты
|
| 610 |
1 |
|
|a параметры
|
| 610 |
1 |
|
|a справочники
|
| 675 |
|
|
|a 621.54(03)
|v 3
|
| 700 |
|
1 |
|a Герц
|b Е. В.
|g Елена Васильевна
|
| 701 |
|
1 |
|a Крейнин
|b Г. В.
|g Герман Владимирович
|
| 801 |
|
0 |
|a RU
|b 63413507
|c 20011210
|g PSBO
|
| 801 |
|
2 |
|a RU
|b 63413507
|c 20060113
|g PSBO
|
| 900 |
|
|
|a Пневмо и гидроприводы роботов
|
| 942 |
|
|
|c BK
|